| 000 | 01667nam a2200253 a 4500 | ||
|---|---|---|---|
| 001 | 82992 | ||
| 003 | BD-RjUL | ||
| 005 | 20240207123857.0 | ||
| 008 | 240207s2019 bg a|||| m||| 00| 0 ben d | ||
| 035 | _a(BD-RjUL)82992 | ||
| 040 |
_aBD-RjUL _bben/eng _cBD-RjUL _dBD-RjUL |
||
| 041 | _aben | ||
| 082 |
_223 _a930.0954924 _bNAS 2019 |
||
| 100 |
_aনাহার, কামরুন _911531 |
||
| 245 | 1 | 0 |
_aসিরাজগঞ্জের ইতিহাস ও ঐতিহ্য : _bআর্থ-সামাজিক ও সাংস্কৃতিক বিশ্লেষণ / _cকামরুন নাহার _6সুপারভাইজার : কাজী মো. মোস্তাফিজুর রহমান |
| 260 |
_aরাজশাহী : _bইসলামের ইতিহাস ও সংস্কৃতি বিভাগ,রাজশাহী বিশ্ববিদ্যালয় _c২০১৯ |
||
| 300 |
_a[১], vi, ২০৩ পাতা : _bচিত্র.; _c২৯ সেমি. |
||
| 502 | _aথিসিস(পিএইচ.ডি.)-- ইসলামের ইতিহাস ও সংস্কৃতি বিভাগ,রাজশাহী বিশ্ববিদ্যালয়,২০১৯ | ||
| 504 | _aগ্রন্থপঞ্জি : পাতা ১৯৬-২০৩ | ||
| 650 |
_aইতিহাস ও ঐতিহ্য _zবাংলাদেশ _zসিরাজগঞ্জ _911532 |
||
| 650 |
_aHistory and Traditions _zBangladesh _zSirajganj _911533 |
||
| 700 |
_aরহমান, কাজী মো. মোস্তাফিজুর, সুপারভাইজার _911534 |
||
| 942 |
_2ddc _cTHE |
||
| 999 |
_c82992 _d82992 |
||